Du khảo Hoa Kỳ sau thảm hoạ 11 tháng 9
Ghi lại cuộc sống và những hoạt động của người dân Mỹ ở một số nơi tác giả được đến thăm sau thảm hoạ 11/9 như: Trường Đại học Niu Yoóc, Hội sân khấu múa, Trung tâm Văn hoá Lincôn, Câu lạc bộ sân khấu thể nghiệm, Quỹ tài trợ nghệ thuật Niu Yoóc, Thư viện công cộng, Bảo tàng mỹ thuật Metrôpôlitan.....
Đã lưu trong:
| Hovedforfatter: | |
|---|---|
| Format: | Bog |
| Sprog: | Vietnamese |
| Udgivet: |
H.
Văn học
2002
|
| Fag: | |
| Tags: |
Tilføj Tag
Ingen Tags, Vær først til at tagge denne postø!
|
| Thư viện lưu trữ: | Mạng thư viện Đại học Đà Nẵng |
|---|
| LEADER | 01501nam a22003618a 4500 | ||
|---|---|---|---|
| 001 | 000015096 | ||
| 003 | 11467 | ||
| 005 | 20120523090553.0 | ||
| 008 | 120522s2002 b 000 0 vieod | ||
| 020 | |c 30000đ |d 1000b | ||
| 041 | 0 | |a vie | |
| 080 | |a V24 | ||
| 082 | |a 917.3 |b PH-L | ||
| 084 | |a V6(1)7-49 |b D500K | ||
| 100 | 1 | |a Phạm Việt Long | |
| 245 | 1 | 0 | |a Du khảo Hoa Kỳ sau thảm hoạ 11 tháng 9 |c Phạm Việt Long |
| 260 | |a H. |b Văn học |c 2002 | ||
| 300 | |a 231tr : ảnh |c 19cm | ||
| 500 | |a Phụ lục: tr. 190-230 | ||
| 520 | |a Ghi lại cuộc sống và những hoạt động của người dân Mỹ ở một số nơi tác giả được đến thăm sau thảm hoạ 11/9 như: Trường Đại học Niu Yoóc, Hội sân khấu múa, Trung tâm Văn hoá Lincôn, Câu lạc bộ sân khấu thể nghiệm, Quỹ tài trợ nghệ thuật Niu Yoóc, Thư viện công cộng, Bảo tàng mỹ thuật Metrôpôlitan.. | ||
| 653 | |a Ghi chép | ||
| 653 | |a Văn học hiện đại | ||
| 653 | |a Việt Nam | ||
| OWN | |a LSP | ||
| AVA | |a UDN50 |b LSP |d 917.3 PH-L |e available |t Error 5001 Not defined in file expand_doc_bib_avail. |f 3 |g 0 |h N |i 0 |k 1 | ||
| 999 | |a From the UDN01 | ||
| AVA | |a UDN50 |b LSP |d 917.3 PH-L |e available |t Error 5001 Not defined in file expand_doc_bib_avail. |f 3 |g 0 |h N |i 0 |k 1 | ||
| TYP | |a Monograph | ||
| TYP | |a Printed language | ||
| 980 | |a Mạng thư viện Đại học Đà Nẵng | ||